[Event "DVM U14w 2018"]
[Site "Neumünster GER"]
[Date "2018.12.28"]
[Round "4"]
[White "Dietz, Kristin"]
[Black "Kiesel, Lara"]
[Result "1-0"]
[Termination "normal"]
[Board "2.1"]
[WhiteElo "1735"]
[BlackElo "1517"]
[WhiteClock "00:47:23"]
[BlackClock "00:39:44"]
[WhiteTeam "USV Halle"]
[BlackTeam "SC Borussia Lichtenberg"]
[PlyCount "41"]
[WhiteFideId "12993743"]
[BlackFideId "12973785"]
[EventCountry "GER"]
[EventRounds "7"]
[EventType "team-swiss"]
[EventDate "2018.12.26"]

1. e4 {[%clk 01:30:58]} e6 {[%clk 01:30:56]} 2. d4 {[%clk 01:31:21]} d5 {[%clk
01:31:24]} 3. Nd2 {[%clk 01:31:43]} c5 {[%clk 01:31:50]} 4. exd5 {[%clk
01:31:45]} Qxd5 {[%clk 01:32:15]} 5. Ngf3 {[%clk 01:31:55]} cxd4 {[%clk
01:32:42]} 6. Bc4 {[%clk 01:32:07]} Qd7 {[%clk 01:33:11]} 7. O-O {[%clk
01:31:34]} Nc6 {[%clk 01:33:24]} 8. Nb3 {[%clk 01:31:44]} Nf6 {[%clk 01:33:28]}
9. Nbxd4 {[%clk 01:31:36]} Bc5 {[%clk 01:33:41]} 10. Bb5 {[%clk 01:15:49]} O-O
{[%clk 01:27:43]} 11. Be3 {[%clk 01:08:27]} Bxd4 {[%clk 01:09:41]} 12. Nxd4
{[%clk 01:08:27]} Nd5 {[%clk 01:09:08]} 13. Bxc6 {[%clk 01:02:12]} bxc6 {[%clk
01:09:29]} 14. Nb3 {[%clk 00:57:57]} Rd8 {[%clk 01:07:37]} 15. Qf3 {[%clk
00:56:25]} e5 {[%clk 00:59:56]} 16. c4 {[%clk 00:53:19]} Nxe3 {[%clk 00:47:03]}
17. fxe3 {[%clk 00:53:31]} Bb7 {[%clk 00:46:36]} 18. Rad1 {[%clk 00:49:05]} Qc7
{[%clk 00:41:40]} 19. Nc5 {[%clk 00:47:00]} Rxd1 {[%clk 00:40:34]} 20. Rxd1
{[%clk 00:47:23]} Bc8 {[%clk 00:39:44]} 21. Qxc6 1-0

[Event "DVM U14w 2018"]
[Site "Neumünster GER"]
[Date "2018.12.28"]
[Round "4"]
[White "Berghold, Lotta"]
[Black "Stowicek, Yara Mathilda"]
[Result "1/2-1/2"]
[Termination "normal"]
[Board "2.2"]
[WhiteElo "1383"]
[BlackElo "1651"]
[WhiteClock "00:19:42"]
[BlackClock "01:02:54"]
[WhiteTeam "SC Borussia Lichtenberg"]
[BlackTeam "USV Halle"]
[PlyCount "95"]
[WhiteFideId "16243463"]
[BlackFideId "16203569"]
[EventCountry "GER"]
[EventRounds "7"]
[EventType "team-swiss"]
[EventDate "2018.12.26"]

1. d4 {[%clk 01:30:59]} Nf6 {[%clk 01:30:53]} 2. Bg5 {[%clk 01:31:19]} c5
{[%clk 01:31:10]} 3. e3 {[%clk 01:31:11]} e6 {[%clk 01:30:16]} 4. Bd3 {[%clk
01:30:25]} Qb6 {[%clk 01:24:55]} 5. Nf3 {[%clk 01:05:02]} Qxb2 {[%clk
01:18:28]} 6. Nbd2 {[%clk 01:02:22]} Qb6 {[%clk 01:16:06]} 7. Rb1 {[%clk
01:00:12]} Qc7 {[%clk 01:15:32]} 8. Bf4 {[%clk 00:54:44]} d6 {[%clk 01:14:42]}
9. dxc5 {[%clk 00:44:20]} Qxc5 {[%clk 01:14:49]} 10. Rb5 {[%clk 00:36:00]} Qc7
{[%clk 01:13:53]} 11. c4 {[%clk 00:29:59]} Bd7 {[%clk 01:12:00]} 12. Rb2 {[%clk
00:30:17]} Nh5 {[%clk 01:09:13]} 13. Qb3 {[%clk 00:28:08]} Nxf4 {[%clk
01:07:19]} 14. exf4 {[%clk 00:28:35]} b6 {[%clk 01:06:24]} 15. O-O {[%clk
00:25:41]} Be7 {[%clk 01:05:53]} 16. Ne4 {[%clk 00:24:10]} Na6 {[%clk
01:03:35]} 17. Qd1 {[%clk 00:19:47]} Nc5 {[%clk 01:03:25]} 18. Nxc5 {[%clk
00:20:01]} dxc5 {[%clk 01:02:21]} 19. Ne5 {[%clk 00:17:28]} Bf6 {[%clk
01:00:59]} 20. Re2 {[%clk 00:17:28]} Rd8 {[%clk 00:59:39]} 21. Qc1 {[%clk
00:14:42]} O-O {[%clk 00:56:41]} 22. Nxd7 {[%clk 00:13:41]} Rxd7 {[%clk
00:56:43]} 23. Qc2 {[%clk 00:11:52]} g6 {[%clk 00:55:42]} 24. g3 {[%clk
00:11:42]} Rfd8 {[%clk 00:55:00]} 25. Rd1 {[%clk 00:11:44]} a6 {[%clk
00:53:34]} 26. Red2 {[%clk 00:10:54]} Bg7 {[%clk 00:52:22]} 27. Bf1 {[%clk
00:10:33]} Rd4 {[%clk 00:49:11]} 28. Be2 {[%clk 00:07:19]} Qd7 {[%clk
00:46:23]} 29. Rd3 {[%clk 00:07:00]} Qc6 {[%clk 00:43:53]} 30. Bf1 {[%clk
00:04:18]} b5 {[%clk 00:42:44]} 31. cxb5 {[%clk 00:04:29]} axb5 {[%clk
00:43:03]} 32. Rxd4 {[%clk 00:04:10]} Rxd4 {[%clk 00:43:11]} 33. Rxd4 {[%clk
00:04:22]} Bxd4 {[%clk 00:43:33]} 34. Qd3 {[%clk 00:03:57]} b4 {[%clk
00:42:20]} 35. a3 {[%clk 00:03:15]} bxa3 {[%clk 00:39:44]} 36. Qxa3 {[%clk
00:03:36]} c4 {[%clk 00:37:38]} 37. Qc1 {[%clk 00:01:31]} c3 {[%clk 00:36:43]}
38. Bd3 {[%clk 00:01:15]} Qb6 {[%clk 00:36:40]} 39. Qc2 {[%clk 00:01:24]} Qb2
{[%clk 00:36:30]} 40. Qxb2 {[%clk 00:00:52]} cxb2 {[%clk 00:35:16]} 41. Kf1
{[%clk 00:00:42]} Kg7 {[%clk 00:35:31]} 42. Ke2 {[%clk 00:27:55]} h6 {[%clk
01:05:32]} 43. h3 {[%clk 00:26:39]} f5 {[%clk 01:04:36]} 44. f3 {[%clk
00:24:35]} Kf6 {[%clk 01:04:52]} 45. Bc2 {[%clk 00:23:32]} e5 {[%clk 01:04:59]}
46. fxe5+ {[%clk 00:23:49]} Bxe5 {[%clk 01:02:52]} 47. Kf2 {[%clk 00:19:42]} g5
{[%clk 01:02:54]} 48. g4 1/2-1/2

[Event "DVM U14w 2018"]
[Site "Neumünster GER"]
[Date "2018.12.28"]
[Round "4"]
[White "Fritsch, Lea"]
[Black "Relógio Stauber, Anna"]
[Result "1-0"]
[Termination "normal"]
[Board "2.3"]
[WhiteElo "1606"]
[BlackElo "1327"]
[WhiteClock "00:05:20"]
[BlackClock "00:12:42"]
[WhiteTeam "USV Halle"]
[BlackTeam "SC Borussia Lichtenberg"]
[PlyCount "89"]
[WhiteFideId "16212436"]
[BlackFideId "16255771"]
[EventCountry "GER"]
[EventRounds "7"]
[EventType "team-swiss"]
[EventDate "2018.12.26"]

1. e4 {[%clk 01:30:59]} c6 {[%clk 01:30:50]} 2. d4 {[%clk 01:31:21]} d5 {[%clk
01:31:10]} 3. exd5 {[%clk 01:31:35]} cxd5 {[%clk 01:31:29]} 4. Bd3 {[%clk
01:31:57]} Nc6 {[%clk 01:31:34]} 5. c3 {[%clk 01:30:54]} Nf6 {[%clk 01:31:37]}
6. h3 {[%clk 01:31:11]} e6 {[%clk 01:31:17]} 7. Nf3 {[%clk 01:31:33]} h6 {[%clk
01:30:25]} 8. Nbd2 {[%clk 01:27:50]} Bd6 {[%clk 01:29:54]} 9. O-O {[%clk
01:26:22]} O-O {[%clk 01:29:51]} 10. Re1 {[%clk 01:26:38]} Qc7 {[%clk
01:28:06]} 11. Nb3 {[%clk 01:22:33]} b6 {[%clk 01:26:47]} 12. Be3 {[%clk
01:22:44]} Bb7 {[%clk 01:25:37]} 13. Qd2 {[%clk 01:21:45]} Be7 {[%clk
01:19:08]} 14. Bf4 {[%clk 01:14:54]} Bd6 {[%clk 01:15:47]} 15. Ne5 {[%clk
01:10:00]} Ne7 {[%clk 01:08:34]} 16. Bc2 {[%clk 01:05:41]} Ba6 {[%clk
01:06:00]} 17. Qe3 {[%clk 00:52:57]} Rae8 {[%clk 01:02:18]} 18. Nd2 {[%clk
00:48:58]} Nf5 {[%clk 00:58:13]} 19. Bxf5 {[%clk 00:49:15]} exf5 {[%clk
00:58:17]} 20. Ndf3 {[%clk 00:48:16]} Bc8 {[%clk 00:53:26]} 21. Rad1 {[%clk
00:43:42]} Kh7 {[%clk 00:49:21]} 22. Qc1 {[%clk 00:42:11]} Nd7 {[%clk
00:45:17]} 23. Nd3 {[%clk 00:41:43]} Bxf4 {[%clk 00:42:56]} 24. Nxf4 {[%clk
00:37:30]} Nf6 {[%clk 00:42:02]} 25. Ne5 {[%clk 00:35:25]} Be6 {[%clk
00:40:03]} 26. Re2 {[%clk 00:29:41]} g5 {[%clk 00:37:47]} 27. Nxe6 {[%clk
00:26:08]} fxe6 {[%clk 00:37:47]} 28. Rde1 {[%clk 00:25:18]} Re7 {[%clk
00:34:18]} 29. Qc2 {[%clk 00:25:05]} Kg7 {[%clk 00:32:38]} 30. f3 {[%clk
00:22:17]} Qc8 {[%clk 00:28:02]} 31. g3 {[%clk 00:18:28]} Rfe8 {[%clk
00:26:18]} 32. Qd3 {[%clk 00:15:29]} Nd7 {[%clk 00:24:49]} 33. f4 {[%clk
00:12:33]} Nxe5 {[%clk 00:23:01]} 34. Rxe5 {[%clk 00:12:48]} Kf6 {[%clk
00:21:19]} 35. Qf3 {[%clk 00:11:33]} gxf4 {[%clk 00:18:13]} 36. Qxf4 {[%clk
00:11:43]} Rh8 {[%clk 00:16:41]} 37. Qh4+ {[%clk 00:09:09]} Kf7 {[%clk
00:16:19]} 38. Rf1 {[%clk 00:09:14]} Qd7 {[%clk 00:14:42]} 39. g4 {[%clk
00:06:40]} Ke8 {[%clk 00:13:05]} 40. gxf5 {[%clk 00:05:40]} exf5 {[%clk
00:12:18]} 41. Rxe7+ {[%clk 00:05:58]} Qxe7 {[%clk 00:12:28]} 42. Re1 {[%clk
00:05:41]} Qxe1+ {[%clk 00:12:11]} 43. Qxe1+ {[%clk 00:06:06]} Kf7 {[%clk
00:12:29]} 44. Kf2 {[%clk 00:05:31]} Re8 {[%clk 00:12:42]} 45. Qd2 {[%clk
00:05:20]} 1-0

[Event "DVM U14w 2018"]
[Site "Neumünster GER"]
[Date "2018.12.28"]
[Round "4"]
[White "Klühs, Isabel"]
[Black "Voigt, Anastasia"]
[Result "0-1"]
[Termination "normal"]
[Board "2.4"]
[WhiteElo "1412"]
[BlackElo "1421"]
[WhiteClock "01:16:59"]
[BlackClock "01:12:37"]
[WhiteTeam "SC Borussia Lichtenberg"]
[BlackTeam "USV Halle"]
[PlyCount "68"]
[WhiteFideId "16228944"]
[BlackFideId "16235223"]
[EventCountry "GER"]
[EventRounds "7"]
[EventType "team-swiss"]
[EventDate "2018.12.26"]

1. d4 {[%clk 01:30:59]} d5 {[%clk 01:30:52]} 2. Nf3 {[%clk 01:31:11]} Nf6
{[%clk 01:30:51]} 3. e3 {[%clk 01:31:15]} Bf5 {[%clk 01:30:13]} 4. c4 {[%clk
01:31:01]} e6 {[%clk 01:30:23]} 5. Nc3 {[%clk 01:30:51]} Be7 {[%clk 01:30:12]}
6. Be2 {[%clk 01:30:50]} O-O {[%clk 01:29:38]} 7. O-O {[%clk 01:31:10]} b6
{[%clk 01:28:11]} 8. b3 {[%clk 01:31:17]} c5 {[%clk 01:28:24]} 9. Bb2 {[%clk
01:30:39]} Nc6 {[%clk 01:28:16]} 10. a3 {[%clk 01:28:37]} Rc8 {[%clk 01:26:40]}
11. Rc1 {[%clk 01:27:16]} Qd7 {[%clk 01:26:45]} 12. Qd2 {[%clk 01:26:45]} Rfd8
{[%clk 01:26:55]} 13. Rfd1 {[%clk 01:26:55]} Na5 {[%clk 01:25:32]} 14. Ne5
{[%clk 01:25:24]} Qb7 {[%clk 01:24:41]} 15. Qe1 {[%clk 01:24:13]} Nxb3 {[%clk
01:24:58]} 16. Bf3 {[%clk 01:21:32]} Nxc1 {[%clk 01:24:39]} 17. Rxc1 {[%clk
01:21:07]} Qb8 {[%clk 01:23:01]} 18. cxd5 {[%clk 01:20:04]} exd5 {[%clk
01:22:28]} 19. dxc5 {[%clk 01:20:00]} Qxe5 {[%clk 01:22:30]} 20. Na4 {[%clk
01:20:07]} Qb8 {[%clk 01:22:14]} 21. c6 {[%clk 01:19:54]} Ne4 {[%clk 01:15:30]}
22. Bxe4 {[%clk 01:20:12]} dxe4 {[%clk 01:15:30]} 23. Qc3 {[%clk 01:20:04]} Bf6
{[%clk 01:14:50]} 24. Qc2 {[%clk 01:19:53]} Qd6 {[%clk 01:13:47]} 25. Bxf6
{[%clk 01:19:35]} Qxf6 {[%clk 01:13:48]} 26. c7 {[%clk 01:19:53]} Rd7 {[%clk
01:13:50]} 27. Rd1 {[%clk 01:18:42]} Rdxc7 {[%clk 01:12:37]} 28. Qd2 {[%clk
01:18:32]} h6 {[%clk 01:12:04]} 29. h3 {[%clk 01:17:25]} Qg6 {[%clk 01:12:18]}
30. g4 {[%clk 01:17:41]} h5 {[%clk 01:12:15]} 31. Kf1 {[%clk 01:17:12]} hxg4
{[%clk 01:12:07]} 32. hxg4 {[%clk 01:17:16]} Bxg4 {[%clk 01:12:10]} 33. Rb1
{[%clk 01:17:19]} Qh5 {[%clk 01:12:17]} 34. Kg1 {[%clk 01:16:59]} Bf3 {[%clk
01:12:37]} 0-1

[Event "DVM U14w 2018"]
[Site "Neumünster GER"]
[Date "2018.12.28"]
[Round "4"]
[White "Gehrke, Gina Celina"]
[Black "Ziegenfuß, Antonia"]
[Result "0-1"]
[Termination "normal"]
[Board "3.1"]
[WhiteElo "1366"]
[BlackElo "1949"]
[WhiteClock "01:08:43"]
[BlackClock "00:39:37"]
[WhiteTeam "SC Weisse Dame"]
[BlackTeam "OSG Baden-Baden"]
[PlyCount "58"]
[WhiteFideId "16205979"]
[BlackFideId "12962554"]
[EventCountry "GER"]
[EventRounds "7"]
[EventType "team-swiss"]
[EventDate "2018.12.26"]

1. d4 {[%clk 01:30:57]} Nf6 {[%clk 01:30:54]} 2. e3 {[%clk 01:31:13]} d5 {[%clk
01:31:14]} 3. Bd3 {[%clk 01:31:24]} c6 {[%clk 01:30:47]} 4. Nd2 {[%clk
01:31:33]} Bg4 {[%clk 01:29:22]} 5. f3 {[%clk 01:31:37]} Bh5 {[%clk 01:26:42]}
6. b3 {[%clk 01:30:56]} Nbd7 {[%clk 01:23:50]} 7. Bb2 {[%clk 01:28:24]} e6
{[%clk 01:22:41]} 8. c4 {[%clk 01:24:33]} Bd6 {[%clk 01:20:23]} 9. Qc2 {[%clk
01:22:07]} e5 {[%clk 01:14:11]} 10. Ne2 {[%clk 01:19:50]} Bg6 {[%clk 01:10:35]}
11. e4 {[%clk 01:18:30]} exd4 {[%clk 01:03:43]} 12. Bxd4 {[%clk 01:18:21]} Ne5
{[%clk 01:03:10]} 13. Nc3 {[%clk 01:15:26]} Nxd3+ {[%clk 00:55:33]} 14. Qxd3
{[%clk 01:15:23]} dxe4 {[%clk 00:55:17]} 15. Ndxe4 {[%clk 01:15:07]} Nxe4
{[%clk 00:47:48]} 16. Nxe4 {[%clk 01:14:35]} O-O {[%clk 00:46:10]} 17. O-O
{[%clk 01:14:21]} c5 {[%clk 00:45:27]} 18. Rad1 {[%clk 01:13:01]} cxd4 {[%clk
00:45:29]} 19. Qxd4 {[%clk 01:13:17]} Bxe4 {[%clk 00:45:00]} 20. Qxe4 {[%clk
01:13:25]} Qb6+ {[%clk 00:44:24]} 21. Kh1 {[%clk 01:13:28]} Rfe8 {[%clk
00:44:19]} 22. Qc2 {[%clk 01:13:11]} Re6 {[%clk 00:43:49]} 23. Rd5 {[%clk
01:12:44]} Bf4 {[%clk 00:41:54]} 24. Rfd1 {[%clk 01:12:28]} Rae8 {[%clk
00:42:04]} 25. Qc3 {[%clk 01:11:59]} Re3 {[%clk 00:39:46]} 26. Qd2 {[%clk
01:10:48]} Re2 {[%clk 00:39:23]} 27. Rd8 {[%clk 01:09:50]} Bxd2 {[%clk
00:39:36]} 28. Rxe8+ {[%clk 01:08:31]} Rxe8 {[%clk 00:39:37]} 29. Rxd2 {[%clk
01:08:43]} Re1# 0-1

[Event "DVM U14w 2018"]
[Site "Neumünster GER"]
[Date "2018.12.28"]
[Round "4"]
[White "Doll, Rebecca"]
[Black "Gutmann, Anna"]
[Result "0-1"]
[Termination "normal"]
[Board "3.2"]
[WhiteElo "1764"]
[BlackElo "1499"]
[WhiteClock "00:14:10"]
[BlackClock "00:09:46"]
[WhiteTeam "OSG Baden-Baden"]
[BlackTeam "SC Weisse Dame"]
[PlyCount "102"]
[WhiteFideId "16236890"]
[BlackFideId "16208889"]
[EventCountry "GER"]
[EventRounds "7"]
[EventType "team-swiss"]
[EventDate "2018.12.26"]

1. e4 {[%clk 01:30:57]} c6 {[%clk 01:30:53]} 2. d4 {[%clk 01:31:17]} d5 {[%clk
01:31:18]} 3. exd5 {[%clk 01:31:43]} cxd5 {[%clk 01:31:41]} 4. Bd3 {[%clk
01:32:09]} Nc6 {[%clk 01:28:28]} 5. c3 {[%clk 01:31:16]} Qc7 {[%clk 01:28:11]}
6. Ne2 {[%clk 01:30:39]} e6 {[%clk 01:25:03]} 7. Bf4 {[%clk 01:28:56]} Bd6
{[%clk 01:22:54]} 8. Bxd6 {[%clk 01:29:15]} Qxd6 {[%clk 01:23:11]} 9. Nd2
{[%clk 01:27:16]} Nf6 {[%clk 01:20:46]} 10. O-O {[%clk 01:26:33]} Bd7 {[%clk
01:10:13]} 11. Nf3 {[%clk 01:23:23]} O-O {[%clk 01:04:31]} 12. Qd2 {[%clk
01:19:05]} Rfe8 {[%clk 01:00:41]} 13. Rfe1 {[%clk 01:16:28]} e5 {[%clk
00:53:53]} 14. dxe5 {[%clk 01:16:33]} Nxe5 {[%clk 00:53:33]} 15. Nxe5 {[%clk
01:16:43]} Rxe5 {[%clk 00:51:08]} 16. Nd4 {[%clk 01:15:17]} Rh5 {[%clk
00:47:52]} 17. Nf3 {[%clk 01:13:56]} Bg4 {[%clk 00:46:13]} 18. Qe3 {[%clk
01:00:48]} Bxf3 {[%clk 00:43:51]} 19. Qxf3 {[%clk 01:00:59]} Qxh2+ {[%clk
00:43:24]} 20. Kf1 {[%clk 01:01:22]} Qh1+ {[%clk 00:41:42]} 21. Ke2 {[%clk
01:01:42]} Re5+ {[%clk 00:41:30]} 22. Kd2 {[%clk 01:01:58]} Qh6+ {[%clk
00:38:44]} 23. Kc2 {[%clk 01:01:57]} Rxe1 {[%clk 00:36:09]} 24. Rxe1 {[%clk
01:02:09]} a6 {[%clk 00:30:53]} 25. Re7 {[%clk 00:59:09]} b5 {[%clk 00:28:41]}
26. Qg3 {[%clk 00:56:29]} Re8 {[%clk 00:18:37]} 27. Qc7 {[%clk 00:53:32]} Rf8
{[%clk 00:15:57]} 28. Re3 {[%clk 00:45:04]} Qh4 {[%clk 00:12:59]} 29. f3 {[%clk
00:40:30]} Qa4+ {[%clk 00:12:45]} 30. Kc1 {[%clk 00:36:23]} Qxa2 {[%clk
00:12:49]} 31. f4 {[%clk 00:31:07]} d4 {[%clk 00:12:24]} 32. Rg3 {[%clk
00:30:19]} dxc3 {[%clk 00:11:55]} 33. Qxc3 {[%clk 00:30:41]} Qe6 {[%clk
00:11:49]} 34. Kd2 {[%clk 00:28:56]} Rd8 {[%clk 00:11:26]} 35. Kd1 {[%clk
00:22:04]} g6 {[%clk 00:09:10]} 36. f5 {[%clk 00:21:41]} Qxf5 {[%clk 00:09:17]}
37. Rf3 {[%clk 00:20:48]} Ne4 {[%clk 00:08:46]} 38. Qb3 {[%clk 00:11:04]} Rxd3+
{[%clk 00:08:09]} 39. Rxd3 {[%clk 00:11:26]} Nf2+ {[%clk 00:08:13]} 40. Ke2
{[%clk 00:11:36]} Qxd3+ {[%clk 00:08:05]} 41. Qxd3 {[%clk 00:11:59]} Nxd3
{[%clk 00:08:30]} 42. Kxd3 {[%clk 00:12:23]} a5 {[%clk 00:07:49]} 43. Kd4
{[%clk 00:12:14]} h5 {[%clk 00:07:51]} 44. Kc5 {[%clk 00:12:30]} g5 {[%clk
00:08:06]} 45. Kxb5 {[%clk 00:12:29]} h4 {[%clk 00:08:21]} 46. Kxa5 {[%clk
00:12:52]} g4 {[%clk 00:08:45]} 47. b4 {[%clk 00:13:02]} h3 {[%clk 00:09:03]}
48. gxh3 {[%clk 00:13:04]} gxh3 {[%clk 00:09:16]} 49. b5 {[%clk 00:13:28]} h2
{[%clk 00:09:33]} 50. Ka6 {[%clk 00:13:46]} h1=Q {[%clk 00:09:46]} 51. Ka7
{[%clk 00:14:10]} f5 0-1

[Event "DVM U14w 2018"]
[Site "Neumünster GER"]
[Date "2018.12.28"]
[Round "4"]
[White "Fayngold, Sophie Olivia"]
[Black "Visvikis, Kassandra"]
[Result "1-0"]
[Termination "normal"]
[Board "3.3"]
[WhiteElo "1378"]
[BlackElo "1494"]
[WhiteClock "00:19:49"]
[BlackClock "00:42:43"]
[WhiteTeam "SC Weisse Dame"]
[BlackTeam "OSG Baden-Baden"]
[PlyCount "75"]
[WhiteFideId "16244761"]
[BlackFideId "36052167"]
[EventCountry "GER"]
[EventRounds "7"]
[EventType "team-swiss"]
[EventDate "2018.12.26"]

1. e4 {[%clk 01:30:59]} e5 {[%clk 01:30:56]} 2. Nf3 {[%clk 01:31:24]} Nc6
{[%clk 01:31:18]} 3. Bc4 {[%clk 01:31:50]} Bc5 {[%clk 01:31:39]} 4. d3 {[%clk
01:32:16]} Nf6 {[%clk 01:32:01]} 5. Bg5 {[%clk 01:32:39]} h6 {[%clk 01:32:23]}
6. Bh4 {[%clk 01:33:04]} g5 {[%clk 01:32:43]} 7. Bg3 {[%clk 01:33:27]} d6
{[%clk 01:32:57]} 8. h3 {[%clk 01:32:51]} Qe7 {[%clk 01:32:54]} 9. Nc3 {[%clk
01:32:18]} Be6 {[%clk 01:33:14]} 10. Bb3 {[%clk 01:32:42]} O-O-O {[%clk
01:32:53]} 11. Qd2 {[%clk 01:32:31]} Bb4 {[%clk 01:30:53]} 12. O-O-O {[%clk
01:30:46]} Nd4 {[%clk 01:29:01]} 13. Qe3 {[%clk 01:25:09]} Bc5 {[%clk
01:21:45]} 14. Bxe6+ {[%clk 01:18:43]} Qxe6 {[%clk 01:21:02]} 15. Kb1 {[%clk
01:13:28]} Nb5 {[%clk 01:12:11]} 16. Qe1 {[%clk 01:02:06]} Bb4 {[%clk
01:10:24]} 17. d4 {[%clk 00:57:11]} Nxe4 {[%clk 01:05:06]} 18. Qxe4 {[%clk
00:52:22]} Bxc3 {[%clk 01:05:20]} 19. d5 {[%clk 00:50:34]} Qd7 {[%clk
01:04:23]} 20. a4 {[%clk 00:45:50]} f5 {[%clk 01:01:01]} 21. Qc4 {[%clk
00:40:26]} e4 {[%clk 00:58:11]} 22. axb5 {[%clk 00:39:14]} Bf6 {[%clk
00:57:51]} 23. Nd2 {[%clk 00:36:52]} Qg7 {[%clk 00:56:20]} 24. Qa2 {[%clk
00:35:27]} Kb8 {[%clk 00:56:17]} 25. Nc4 {[%clk 00:34:32]} b6 {[%clk 00:52:03]}
26. f3 {[%clk 00:32:44]} f4 {[%clk 00:51:38]} 27. Be1 {[%clk 00:31:46]} e3
{[%clk 00:51:50]} 28. Rd3 {[%clk 00:30:55]} Kb7 {[%clk 00:50:24]} 29. Qa6+
{[%clk 00:30:40]} Kb8 {[%clk 00:50:40]} 30. Ra3 {[%clk 00:30:16]} Bd4 {[%clk
00:49:17]} 31. Bc3 {[%clk 00:28:05]} Rh7 {[%clk 00:47:55]} 32. Rd1 {[%clk
00:25:36]} e2 {[%clk 00:44:48]} 33. Re1 {[%clk 00:20:53]} Bxc3 {[%clk
00:42:28]} 34. bxc3 {[%clk 00:18:38]} Qe7 {[%clk 00:41:31]} 35. Qxa7+ {[%clk
00:18:51]} Kc8 {[%clk 00:41:52]} 36. Qa8+ {[%clk 00:19:02]} Kd7 {[%clk
00:42:16]} 37. Qc6+ {[%clk 00:19:26]} Kc8 {[%clk 00:42:43]} 38. Ra8# {[%clk
00:19:49]} 1-0

[Event "DVM U14w 2018"]
[Site "Neumünster GER"]
[Date "2018.12.28"]
[Round "4"]
[White "Nanthivarman, Merymuthu"]
[Black "Liu, Shandy"]
[Result "1-0"]
[Termination "normal"]
[Board "3.4"]
[WhiteElo "1202"]
[BlackElo "790"]
[WhiteClock "01:00:26"]
[BlackClock "00:18:47"]
[WhiteTeam "OSG Baden-Baden"]
[BlackTeam "SC Weisse Dame"]
[PlyCount "115"]
[WhiteFideId "16255755"]
[BlackFideId "16275357"]
[EventCountry "GER"]
[EventRounds "7"]
[EventType "team-swiss"]
[EventDate "2018.12.26"]

1. e4 {[%clk 01:30:58]} e5 {[%clk 01:30:54]} 2. Nf3 {[%clk 01:31:23]} Nc6
{[%clk 01:31:14]} 3. Nc3 {[%clk 01:31:48]} Bc5 {[%clk 01:31:20]} 4. Bb5 {[%clk
01:32:12]} a6 {[%clk 01:30:42]} 5. Bxc6 {[%clk 01:32:30]} dxc6 {[%clk
01:30:49]} 6. d3 {[%clk 01:32:43]} Bg4 {[%clk 01:30:26]} 7. O-O {[%clk
01:32:43]} Nf6 {[%clk 01:29:37]} 8. h3 {[%clk 01:32:32]} Bh5 {[%clk 01:29:38]}
9. Qe2 {[%clk 01:31:34]} O-O {[%clk 01:29:02]} 10. Be3 {[%clk 01:31:57]} Bxe3
{[%clk 01:19:42]} 11. Qxe3 {[%clk 01:32:06]} Re8 {[%clk 01:19:54]} 12. Rad1
{[%clk 01:29:22]} Nd7 {[%clk 01:11:21]} 13. d4 {[%clk 01:28:56]} Qf6 {[%clk
01:09:42]} 14. Rd2 {[%clk 01:26:14]} Bxf3 {[%clk 01:08:45]} 15. Qxf3 {[%clk
01:26:32]} Qxf3 {[%clk 01:09:10]} 16. gxf3 {[%clk 01:26:57]} Rad8 {[%clk
01:06:20]} 17. Rfd1 {[%clk 01:26:00]} Rb8 {[%clk 00:58:33]} 18. Na4 {[%clk
01:23:01]} exd4 {[%clk 00:54:03]} 19. Rxd4 {[%clk 01:23:05]} Ne5 {[%clk
00:53:39]} 20. Kg2 {[%clk 01:20:25]} h6 {[%clk 00:50:35]} 21. Nc5 {[%clk
01:20:02]} a5 {[%clk 00:46:33]} 22. Nd7 {[%clk 01:19:21]} Nxd7 {[%clk
00:46:12]} 23. Rxd7 {[%clk 01:19:32]} Rbc8 {[%clk 00:45:29]} 24. a4 {[%clk
01:13:34]} b5 {[%clk 00:44:44]} 25. b3 {[%clk 01:12:42]} g5 {[%clk 00:42:03]}
26. R1d3 {[%clk 01:11:48]} Kg7 {[%clk 00:39:04]} 27. Rc3 {[%clk 01:08:51]} Re6
{[%clk 00:29:35]} 28. axb5 {[%clk 01:09:08]} cxb5 {[%clk 00:29:01]} 29. Rcxc7
{[%clk 01:09:18]} Rxc7 {[%clk 00:29:23]} 30. Rxc7 {[%clk 01:09:36]} a4 {[%clk
00:27:24]} 31. bxa4 {[%clk 01:09:49]} bxa4 {[%clk 00:27:46]} 32. Ra7 {[%clk
01:10:11]} Rc6 {[%clk 00:27:35]} 33. Rxa4 {[%clk 01:10:21]} Rxc2 {[%clk
00:27:57]} 34. Kg3 {[%clk 01:10:20]} Kg6 {[%clk 00:27:32]} 35. Ra6+ {[%clk
01:10:04]} Kg7 {[%clk 00:24:17]} 36. Ra7 {[%clk 01:06:25]} Kg6 {[%clk
00:23:54]} 37. Ra6+ {[%clk 01:03:09]} Kg7 {[%clk 00:24:00]} 38. e5 {[%clk
01:03:31]} Rc7 {[%clk 00:23:51]} 39. f4 {[%clk 01:03:03]} Re7 {[%clk 00:21:50]}
40. h4 {[%clk 00:59:20]} gxf4+ {[%clk 00:17:29]} 41. Kxf4 {[%clk 00:59:23]} Re6
{[%clk 00:17:39]} 42. Rxe6 {[%clk 00:59:19]} fxe6 {[%clk 00:18:04]} 43. h5
{[%clk 00:58:32]} Kf7 {[%clk 00:18:23]} 44. Ke4 {[%clk 00:58:53]} Ke7 {[%clk
00:18:27]} 45. f4 {[%clk 00:58:50]} Kf7 {[%clk 00:18:29]} 46. f5 {[%clk
00:58:46]} Ke7 {[%clk 00:18:11]} 47. f6+ {[%clk 00:59:04]} Kf7 {[%clk
00:18:25]} 48. Kd4 {[%clk 00:59:20]} Kf8 {[%clk 00:18:15]} 49. Kc5 {[%clk
00:59:42]} Ke8 {[%clk 00:18:25]} 50. Kd6 {[%clk 00:59:57]} Kf7 {[%clk
00:18:27]} 51. Kd7 {[%clk 01:00:01]} Kf8 {[%clk 00:18:35]} 52. Kxe6 {[%clk
01:00:14]} Ke8 {[%clk 00:18:49]} 53. Kf5 {[%clk 00:59:36]} Kf7 {[%clk
00:18:29]} 54. e6+ {[%clk 00:59:43]} Ke8 {[%clk 00:18:33]} 55. Kg6 {[%clk
00:59:58]} Kd8 {[%clk 00:18:25]} 56. Kg7 {[%clk 01:00:07]} Ke8 {[%clk
00:18:33]} 57. f7+ {[%clk 01:00:09]} Ke7 {[%clk 00:18:47]} 58. f8=Q+ {[%clk
01:00:26]} 1-0